01070nam a2200229 a 450000100100000000500170001000800410002702000150006804000250008310000370010824501550014526001090030030000390040949000500044850000210049850000380051950400330055750400730059083000550066395201050071899900170082300003937720201002031624.0130625s2001 sp abd 000 0 spa d a8400079612 aDO-SdBNPbspacBNPHU1 aDíaz Borrás, Andrés96558213aEl miedo al mediterráneo :bla caridad popular valenciana y la redención de cautivos bajo poder musulmán, 1323-1539 /cAndrés Díaz Borrás. aBarcelona :bConsejo Superior de Investigación CientíficasbInstitución Milá y Fontanals,c2001. a366 p. :bmapas, gráf. ;c24 cm.1 aAnuario de estudios medievales,.aAnejo ;v44 aIncluye índice aIncluye (p. [287]-334) apéndice aBibliografía: p. [269]-285 aIncluye referencias bibliográficas y notas al pie de las páginas 0aAnuario de estudios medievales,.aAnejov44964050 001050718MOaGRbGRcCTd2013-06-25iLF1l0o p39377-10r2020-06-25w2020-06-25y1ZNo se presta c38867d38867